| 000 | 00666nam a22002297a 4500 | ||
|---|---|---|---|
| 003 | UA-OsUOA | ||
| 001 | 34292 | ||
| 007 | ta | ||
| 008 | 20050927b un ||||| |||| 00| 0 ukr d | ||
| 100 | _aАрдила | ||
| 090 |
_a821.134.2 _bА79 |
||
| 942 | _cBK | ||
| 040 |
_aUA-OsUOA _bukr _cUA-OsUOA _dUA-OsUOA |
||
| 245 |
_aНефертіті, цариця Єгипту _bроман _cз іспанської переклав Вадим Хазін |
||
| 300 | _a244 с. | ||
| 955 | _a3 | ||
| 041 | _aukr | ||
| 080 | _a821.134.2 | ||
| 260 |
_aК. _bМолодь _c1942 |
||
| 650 | 7 |
_a82 Література. Літературознавство _2UDC |
|
| 999 |
_c320727 _d320727 |
||